Arcs de One Piece dans l'ordre - Statistiques

Statistiques générales
  • Ce quiz a été pris 74 fois
    59 depuis la dernière actualisation
  • Le résultat moyen est 20 sur 34
Statistiques - réponses
Arc % Correct
Romance dawn
97%
Arlong Park
90%
Baratie
86%
Orange town
86%
Alabasta
79%
Village de Sirop
79%
Little Garden
76%
Loguetown
76%
Skypiea
76%
Drum
72%
Enies Lobby
72%
Jaya
72%
Thriller Bark
72%
Whiskey Peak
72%
Water 7
69%
Amazon Lily
66%
Archipel des Sabaody
66%
Long Ring Long Land
66%
Reverse Mountain
66%
Marine Ford
55%
Post Enies Lobby
55%
Wano Kuni
48%
Dressrosa
45%
Erbaf
45%
Ile des Hommes Poisson
45%
Punk Hazard
45%
Egghead
41%
Onigashima
41%
Reverie
41%
Whole Cake Island
41%
Zoo
31%
Retour à Sabaody
28%
Imple Down
24%
Ellipse
14%
Aucun quiz correspondant
Distribution des résultats
% des personnes avec chaque résultat
Percentile par nombre de réponses
Votre historique - résultats
Vous n’avez pas pris ce quiz depuis la dernière actualisation